000 00565nam a2200217Ia 4500
003 OSt
005 20230405105844.0
008 210423s2004 xx 000 0 und d
020 _a9780071263283
040 _cAL
041 _aeng
082 _a515.9 BROJ
_223
100 _aBROWN (James Ward);CHURCHILL (Ruel V).
_983180
245 _aComplex variables and applications.
250 _a8
260 _aNew Delhi
_bTata McGrawhill
_c2004
300 _axi,468
_bPB
365 _b1331
_cINR
906 _aapplications. ; Complex ; variables
942 _2ddc
_cBK
999 _c158704
_d158704